Seasonal variations in the occurrence of TPD under the agroclimatic conditions of North East India (Record no. 50736)

MARC details
000 -LEADER
fixed length control field 00644nam a2200181Ia 4500
100 ## - MAIN ENTRY--AUTHOR NAME
Personal name Das G
245 #0 - TITLE STATEMENT
Title Seasonal variations in the occurrence of TPD under the agroclimatic conditions of North East India
260 ## - PUBLICATION, DISTRIBUTION, ETC. (IMPRINT)
Name of publisher In: Tapping Panel Dryness of Rubber Trees (Eds.James Jacob; R Krishnakumar and N.M. Mathew) Rubber Research Institute of India, Kottayam, 2006, pp.68-73.
650 ## - SUBJECT ADDED ENTRY--TOPICAL TERM
Topical Term Cold temperature
650 ## - SUBJECT ADDED ENTRY--TOPICAL TERM
Topical Term Seasonal variation i TPD
650 ## - SUBJECT ADDED ENTRY--TOPICAL TERM
Topical Term Tapping frequency
650 ## - SUBJECT ADDED ENTRY--TOPICAL TERM
Topical Term Tapping rest
650 ## - SUBJECT ADDED ENTRY--TOPICAL TERM
Topical Term Yield
700 ## - ADDED ENTRY--PERSONAL NAME
Personal name Dey S K
700 ## - ADDED ENTRY--PERSONAL NAME
Personal name Shammi Raj
942 ## - ADDED ENTRY ELEMENTS (KOHA)
Koha item type Bibliography STAF
Holdings
Withdrawn status Lost status Damaged status Not for loan Home library Current library Shelving location Date acquired Koha item type
      Bibliography RRII Library RRII Library Plant physiology 18/06/2007 Bibliography STAF